| 000 | 00519nam a2200181 a 4500 | ||
|---|---|---|---|
| 001 | 000012716 | ||
| 005 | 20240530073915.0 | ||
| 008 | 091116s1975 dr 001 f spa d | ||
| 040 |
_aDO-SdBNP _bspa _cBNPHU |
||
| 082 |
_aRD863.44 _bR282f |
||
| 100 | 1 |
_aRead, Horacio _927413 |
|
| 245 | 1 | 3 |
_aLa fuga : _btrilogia del psico-drama / _cHoracio Read. |
| 260 |
_aSanto Domingo : _bMarrero, _c1975. |
||
| 300 |
_a199 p. ; _c21 cm. |
||
| 650 | 0 |
_aNovela dominicana _9223 |
|
| 650 | 0 |
_aLiteratura dominicana. _967 |
|
| 049 | _aBNPD | ||
| 999 |
_c12367 _d12367 |
||